Jack London Novels Quiz Stats

 Plays Quiz Updated Jul 1, 2018

Also try: Victor Hugo Novels
Challenge
Share
Tweet
Embed
Score 0/22 Timer 05:00
2 Plays Today
Year Novel % Correct
1906White Fang
88.3%
1903The Call of the Wild
83.4%
1904The Sea-Wolf
23.7%
1909Martin Eden
15.2%
1908The Iron Heel
14.5%
1915The Star Rover
11.4%
1912The Scarlet Plague
10.3%
1907Before Adam
10.2%
1913The Valley of the Moon
10.2%
1905The Game
9.9%
1911Adventure
9.8%
Year Novel % Correct
1910Burning Daylight
9.1%
1920Hearts of Three
9%
1902A Daughter of the Snows
8.3%
1912A Son of the Sun
7.9%
1917Jerry of the Islands
7.3%
1914The Mutiny of the Elsinore
7.1%
1902The Cruise of the Dazzler
6.8%
1917Michael, Brother of Jerry
6.8%
1916The Little Lady of the Big House
6.6%
1903*The Kempton-Wace Letters
5.8%
1913The Abysmal Brute
5.7%

You're not logged in!

Compare scores with friends on all Sporcle quizzes.
OR
Log In

You Might Also Like...

Show Comments

Extras

Top Quizzes Today


Score Distribution

Your Account Isn't Verified!

In order to create a playlist on Sporcle, you need to verify the email address you used during registration. Go to your Sporcle Settings to finish the process.

Report this User

Report this user for behavior that violates our Community Guidelines.

Details: